000 00408nam a22001457a 4500
999 _c3713
_d3713
008 200626b ||||| |||| 00| 0 eng d
082 0 0 _a621.38173
_bP1239
110 _93044
_aPadmanabhau, T. R.
245 1 0 _aDigital systems and microprocessors /
_cby T. R. Padmanabhau
250 _a1st ed.
260 _aNew Delhi
_bTata McGrawhill
_c1983
300 _axiv, 294 p.
650 0 _aMicroprocessors
942 _cBK